Pays où Dunkin' Donuts est implantés - Statistiques

Statistiques générales
  • Ce quiz a été pris 52 fois
  • Le résultat moyen est 20 sur 43
Statistiques - réponses
Numéro Pays % Correct
16 États-Unis
100%
38 Royaume-Uni
84%
15 Espagne
80%
2 Allemagne
77%
9 Chine
75%
22 Japon
75%
27 Mexique
75%
39 Russie
70%
11 Corée du Sud
66%
4 Belgique
64%
19 Inde
64%
43 Suisse
61%
1 Arabie Saoudite
55%
28 Maroc
55%
29 Pays-Bas
55%
12 Égypte
52%
3 Autriche
45%
21 Indonésie
45%
10 Colombie
43%
41 Thaïlande
43%
25 Luxembourg
41%
36 Pologne
41%
20 Islande
39%
30 Nouvelle-Zélande
39%
37 Qatar
39%
8 Chili
36%
13 Émirats arabes unis
36%
42 Vietnam
36%
40 Singapour
32%
24 Liban
30%
31 Oman
30%
32 Pakistan
30%
35 Philippines
30%
26 Malaisie
27%
14 Équateur
25%
34 Pérou
25%
6 Bahreïn
23%
17 Géorgie
23%
23 Koweït
23%
5 Bahamas
18%
7 Bulgarie
18%
18 Honduras
16%
33 Panama
16%
Aucun quiz correspondant
Distribution des résultats
% des personnes avec chaque résultat
Percentile par nombre de réponses
Votre historique - résultats
Vous n’avez pas pris ce quiz